[Event "Oberliga NRW 0102 I"]
[Site "Germany"]
[Date "2002.05.05"]
[Round "9.7"]
[White "Schuler, Manfred"]
[Black "Stoyanov, Petar"]
[Result "0-1"]
[WhiteElo "1925"]
[BlackElo "2194"]
[PlyCount "40"]
[EventDate "2001.10.??"]
[EventType "team-tourn"]
[EventRounds "9"]
[EventCountry "GER"]
[SourceTitle "EXT 2004"]
[Source "ChessBase"]
[SourceDate "2003.11.25"]
[SourceVersion "1"]
[SourceVersionDate "2003.11.25"]
[SourceQuality "1"]
[WhiteTeam "Letmathe"]
[BlackTeam "Gesch"]
[WhiteTeamCountry "GER"]
[BlackTeamCountry "GER"]

1. e4 e5 2. Nc3 Nf6 3. f4 d5 4. exd5 exf4 5. Bc4 Be7 6. Nf3 0-0 7. 0-0 Bg4 8. d4 Bd6 9. Qd3 Nbd7 10. Bb3 Nh5 11. Ne2 Qf6 12. c4 Rfe8 13. c5 Nxc5 14. dxc5 Bxc5+ 15. Kh1 Rxe2 16. Bc2 Qh6 17. Nh4 g5 18. Qc3 Rxc2 19. Qxc2 Ng3+ 20. hxg3 fxg3 0-1

[Event "Oberliga NRW 0102 I"]
[Site "Germany"]
[Date "2002.03.10"]
[Round "7.6"]
[White "Gupta, Milon"]
[Black "Schuler, Manfred"]
[Result "1-0"]
[WhiteElo "2278"]
[BlackElo "1925"]
[PlyCount "61"]
[EventDate "2001.10.??"]
[EventType "team-tourn"]
[EventRounds "9"]
[EventCountry "GER"]
[SourceTitle "EXT 2004"]
[Source "ChessBase"]
[SourceDate "2003.11.25"]
[SourceVersion "1"]
[SourceVersionDate "2003.11.25"]
[SourceQuality "1"]
[WhiteTeam "Solingen II"]
[BlackTeam "Letmathe"]
[WhiteTeamCountry "GER"]
[BlackTeamCountry "GER"]

1. d4 d5 2. Bg5 h6 3. Bh4 c5 4. dxc5 Nc6 5. e4 d4 6. f4 Qa5+ 7. Nd2 g5 8. fxg5 hxg5 9. Bxg5 Qxc5 10. Ngf3 e5 11. Bd3 f6 12. Nb3 Qe7 13. Bd2 Bg4 14. Qe2 0-0-0 15. 0-0-0 Qc7 16. Kb1 a5 17. Bb5 Nb4 18. c3 d3 19. Qe3 Nc6 20. Bxd3 a4 21. Nc1 Na5 22. Qe2 a3 23. b4 Nc6 24. Nb3 Nge7 25. h3 Be6 26. Bc4 Bd7 27. Nc5 f5 28. Ng5 Na5 29. Be6 Bxe6 30. Ncxe6 Qc4 31. Qxc4+ 1-0